[Event "C.to Provinciale BG"]
[Site "Bergamo ITA"]
[Date "2005.11.18"]
[Round "7"]
[White "Salvetti, Carlo"]
[Black "Fiorona, Gianpietro"]
[Result "0-1"]
[WhiteElo "1419"]
[BlackElo "1673"]
[PlyCount "154"]
[EventDate "2005.10.07"]

1. e4 c5 2. c4 e6 3. Nc3 Ne7 4. Nf3 Nec6 5. Nb5 a6 6. Nc3 Be7 7. d3 O-O 8. Be3
d6 9. d4 cxd4 10. Nxd4 Nxd4 11. Bxd4 Nc6 12. Be3 Bf6 13. Bd3 Bxc3+ 14. bxc3 Ne5
15. h3 Qc7 16. O-O Rd8 17. Bg5 f6 18. Bf4 Bd7 19. Rb1 Bc6 20. Qe2 Qa5 21. Rb3
Nxd3 22. Qxd3 e5 23. Be3 b5 24. Rfb1 Qxa2 25. Bb6 Rdc8 26. Qxd6 Qe2 27. cxb5
Bxe4 28. R3b2 Qh5 29. Re1 Qg6 30. Qe6+ Kh8 31. Qg4 Qxg4 32. hxg4 Bd3 33. bxa6
Bxa6 34. Rc2 Bc4 35. g5 Kg8 36. gxf6 gxf6 37. Re4 Kf7 38. Rc1 Ke6 39. Rh4 Rab8
40. Ba7 Rb7 41. Be3 Rd7 42. Rh6 Bd3 43. Bg5 Bg6 44. Be3 Rd3 45. c4 Kd6 46. c5+
Kd5 47. Rh4 f5 48. Rhc4 Rc6 49. Bg5 f4 50. f3 Be8 51. R4c2 Rg6 52. Be7 Bc6 53.
Rf2 Ke6 54. Bd6 h5 55. Bb8 h4 56. Kh2 Kf5 57. Kh3 e4 58. Rc4 exf3 59. Rxf4+ Ke6
60. gxf3 Rd1 61. Rxh4 Kf6 62. f4 Rh1+ 63. Rh2 Bd7+ 64. Rg4 Rh6+ 65. Kg3 R1xh2
66. Be5+ Ke6 67. Rg7 Bc6 68. Rc7 Kd5 69. Bg7 R6h3+ 70. Kg4 Kxc5 71. Bf8+ Kd5
72. Re7 Rh4+ 73. Kg5 R4h3 74. Kg4 Rh8 75. Re5+ Kd4 76. Bc5+ Kc4 77. Kg3 Rg2#
0-1

[Event "C.to Provinciale BG"]
[Site "Bergamo ITA"]
[Date "2005.11.18"]
[Round "7"]
[White "Tentori, Giulio"]
[Black "Oteri, Aldo"]
[Result "1-0"]
[WhiteElo "1748"]
[BlackElo "1711"]
[PlyCount "75"]
[EventDate "2005.10.07"]

1. e4 e6 2. d3 d5 3. Nd2 c5 4. Ngf3 Nc6 5. g3 Bd6 6. c3 Nf6 7. Bg2 Qc7 8. O-O
Bd7 9. exd5 Nxd5 10. Ne4 O-O-O 11. Nxd6+ Qxd6 12. d4 f6 13. c4 Nb6 14. Bf4 Qe7
15. dxc5 Qxc5 16. Be3 Qxc4 17. Rc1 Qxa2 18. Nd4 Nd5 19. Qf3 Kb8 20. Ra1 Qc4 21.
Nxc6+ Bxc6 22. Bxa7+ Kc7 23. Rac1 Qb5 24. Qg4 Rhe8 25. Rfe1 Qb4 26. Qxg7+ Qe7
27. Qg4 Qf7 28. Qc4 Rd7 29. b4 Ra8 30. b5 Rxa7 31. bxc6 bxc6 32. Qxc6+ Kd8 33.
Rxe6 Nc7 34. Rxf6 Qg7 35. Bh3 Nd5 36. Qc8+ Ke7 37. Re6+ Kf7 38. Qe8# 1-0

[Event "C.to Provinciale BG"]
[Site "Bergamo ITA"]
[Date "2005.11.18"]
[Round "7"]
[White "Testa, Luigi"]
[Black "Bosio, Giovanni"]
[Result "0-1"]
[WhiteElo "1542"]
[BlackElo "1682"]
[PlyCount "72"]
[EventDate "2005.10.07"]

1. e4 c5 2. Nf3 Nc6 3. Nc3 a6 4. Be2 e6 5. O-O Bd6 6. d3 Qc7 7. g3 Nge7 8. Bd2
b5 9. Qc1 Nd4 10. Nxd4 cxd4 11. Nd1 Ng6 12. c3 e5 13. cxd4 exd4 14. Qxc7 Bxc7
15. Rc1 Bb6 16. Bf3 Bb7 17. Bg2 O-O 18. f3 d5 19. Nf2 Rac8 20. Rfe1 dxe4 21.
fxe4 Ne5 22. b3 a5 23. Bf4 f6 24. Bh3 Nf3+ 25. Kf1 Nxe1 26. Kxe1 Rxc1+ 27. Bxc1
b4 28. Be6+ Kh8 29. Ke2 Re8 30. Bd7 Re7 31. Bb5 f5 32. Bg5 Rc7 33. Kd2 fxe4 34.
Nxe4 Bxe4 35. dxe4 Rc5 36. Bc4 Rxg5 0-1

[Event "C.to Provinciale BG"]
[Site "Bergamo ITA"]
[Date "2005.11.18"]
[Round "7"]
[White "Villa, Claudio"]
[Black "Lanni, Vincenzo"]
[Result "1-0"]
[WhiteElo "1792"]
[BlackElo "1619"]
[PlyCount "91"]
[EventDate "2005.10.07"]

1. b3 g6 2. Bb2 Nf6 3. c4 Bg7 4. e4 d6 5. Nf3 O-O 6. Qc2 e5 7. Nc3 Nh5 8. Be2
f5 9. O-O-O Na6 10. a3 fxe4 11. Nxe4 Nf4 12. Bf1 Bf5 13. d3 c5 14. g3 Bg4 15.
Ned2 Ne6 16. Bg2 Nac7 17. h3 Bxf3 18. Nxf3 b5 19. Rhf1 Rb8 20. Kb1 a5 21. cxb5
Nxb5 22. a4 Nbc7 23. Nd2 Kh8 24. Rde1 Nd4 25. Bxd4 cxd4 26. f4 Ne6 27. Bd5 Nc5
28. Ka2 exf4 29. gxf4 Qh4 30. Ne4 Nxe4 31. Rxe4 Rfc8 32. Qg2 Re8 33. Rfe1 Qxe1
34. Rxe1 Rxe1 35. Qd2 Rbe8 36. Qxa5 R1e2+ 37. Ka3 Bh6 38. Qb6 Bxf4 39. Qxd4+
Be5 40. Qg4 Bb2+ 41. Kb4 Rb8+ 42. Ka5 Re7 43. Ka6 Be5 44. d4 Bh2 45. Qg5 Ree8
46. Qf6# 1-0

[Event "C.to Provinciale BG"]
[Site "Bergamo ITA"]
[Date "2005.11.25"]
[Round "8"]
[White "Cambieri, Mario"]
[Black "Mangili, Riccardo"]
[Result "1-0"]
[WhiteElo "1805"]
[BlackElo "1668"]
[PlyCount "61"]
[EventDate "2005.10.07"]

1. c4 Nf6 2. Nc3 e5 3. g3 Nc6 4. Bg2 Be7 5. Nf3 O-O 6. d4 exd4 7. Nxd4 Ne5 8.
b3 d6 9. O-O Bg4 10. f4 Nc6 11. Qd3 Nxd4 12. Qxd4 Qc8 13. f5 Bxf5 14. Bxb7 Qd7
15. Bb2 c5 16. Qf4 Bh3 17. Bg2 Bxg2 18. Kxg2 Rae8 19. Rad1 Qe6 20. e4 Ng4 21.
Nb5 Ne5 22. Nc7 Qg6 23. Nxe8 Rxe8 24. Bxe5 dxe5 25. Qxe5 Qg4 26. Rd2 Kf8 27.
Rf4 Qg6 28. Rd7 Qc6 29. Qd5 Qg6 30. Rxa7 Rd8 31. Rd7 1-0

[Event "C.to Provinciale BG"]
[Site "Bergamo ITA"]
[Date "2005.11.25"]
[Round "8"]
[White "Cattaneo, Dario"]
[Black "Gualdi, Paolo"]
[Result "1-0"]
[WhiteElo "1574"]
[BlackElo "1568"]
[PlyCount "101"]
[EventDate "2005.10.07"]

1. d4 d5 2. Nf3 e6 3. c4 Nf6 4. Nc3 Bb4 5. Bd2 O-O 6. a3 Bxc3 7. bxc3 dxc4 8.
Bg5 b5 9. e4 Nbd7 10. e5 h6 11. exf6 hxg5 12. fxg7 Kxg7 13. h3 Bb7 14. Be2 Rh8
15. g4 f5 16. Rg1 f4 17. a4 a6 18. axb5 axb5 19. Rb1 Rb8 20. Bf1 Qf6 21. Bg2
Bxf3 22. Qxf3 e5 23. Qc6 exd4 24. Qxd7+ Kh6 25. Qxd4 Rhe8+ 26. Kf1 Qxd4 27.
cxd4 b4 28. Bd5 c3 29. Bb3 Ra8 30. Kg2 Rab8 31. Rge1 Kg6 32. Rxe8 Rxe8 33. Bc2+
Kf6 34. Rxb4 Re2 35. Ba4 Ke6 36. Rc4 Rd2 37. Rxc3 Rxd4 38. Bb3+ Kd6 39. Rc1 c5
40. Rd1 Ke5 41. Rxd4 cxd4 42. Kf3 d3 43. Kg2 Kd4 44. Kf1 Ke4 45. Ke1 d2+ 46.
Kxd2 Kf3 47. Ke1 Kg2 48. Bd5+ Kxh3 49. f3 Kg2 50. Kd2 Kf2 51. Kd3 1-0

[Event "C.to Provinciale BG"]
[Site "Bergamo ITA"]
[Date "2005.11.25"]
[Round "8"]
[White "Elsido, Massimo"]
[Black "Capata, Ion"]
[Result "0-1"]
[WhiteElo "1757"]
[BlackElo "2090"]
[PlyCount "70"]
[EventDate "2005.10.07"]

1. e4 e5 2. Nf3 Nc6 3. Bb5 Nf6 4. O-O Bc5 5. d3 d6 6. Bxc6+ bxc6 7. d4 exd4 8.
Nxd4 Bd7 9. Bg5 h6 10. Bh4 O-O 11. Nc3 g5 12. Bg3 Rb8 13. Nb3 Bb6 14. e5 Bg4
15. Qd3 dxe5 16. Qxd8 Rfxd8 17. Bxe5 Nd5 18. Na4 Re8 19. Nxb6 Rxe5 20. Nd7 Bxd7
21. Rad1 Bf5 22. Nd4 Rb6 23. c4 Nf4 24. Nxf5 Rxf5 25. Rd2 c5 26. Rfd1 Re5 27.
g3 Ne2+ 28. Kg2 Nd4 29. Kf1 g4 30. Kg2 a5 31. h3 f5 32. hxg4 fxg4 33. b3 a4 34.
Rd3 axb3 35. axb3 Rxb3 0-1

[Event "C.to Provinciale BG"]
[Site "Bergamo ITA"]
[Date "2005.11.25"]
[Round "8"]
[White "Fiorona, Gianpietro"]
[Black "Basletta, Giovanni"]
[Result "1-0"]
[WhiteElo "1673"]
[BlackElo "1407"]
[PlyCount "111"]
[EventDate "2005.10.07"]

1. e4 g6 2. d4 Bg7 3. f3 d6 4. Be3 e6 5. Qd2 b6 6. Bb5+ Bd7 7. Bd3 c5 8. c3 b5
9. dxc5 dxc5 10. Bxc5 a6 11. Bd4 f6 12. Ne2 Nc6 13. Be3 Ne5 14. O-O Nxd3 15.
Qxd3 Nh6 16. Rd1 Bc6 17. Qxd8+ Rxd8 18. Rxd8+ Kxd8 19. Nd2 Ke7 20. Nd4 Bb7 21.
N2b3 e5 22. Nc2 Nf7 23. Nc5 Bc8 24. Nb4 a5 25. Nd5+ Kd6 26. Rd1 Kc6 27. Ne7+
Kc7 28. Nxc8 Rxc8 29. Ne6+ Kb7 30. Nxg7 Kc6 31. Ne6 Nd6 32. b3 b4 33. cxb4 axb4
34. Rc1+ Kd7 35. Rxc8 Nxc8 36. Nc5+ Kc6 37. Nd3 Kb5 38. Bd2 Na7 39. Nxb4 Nc8
40. Nd5 f5 41. a4+ Kc6 42. Bb4 fxe4 43. fxe4 Na7 44. Nf6 h5 45. Nd5 Kd7 46. Ne7
g5 47. Bc5 Nc6 48. Nd5 Na5 49. b4 Nb3 50. Be3 g4 51. Nf6+ Ke6 52. Nxh5 Nd4 53.
b5 Nc2 54. Bc5 Kd7 55. Nf6+ Ke6 56. Nxg4 1-0

[Event "C.to Provinciale BG"]
[Site "Bergamo ITA"]
[Date "2005.11.25"]
[Round "8"]
[White "Gerali, Paolo"]
[Black "Merletti, Vincenzo"]
[Result "1-0"]
[WhiteElo "1707"]
[BlackElo "1596"]
[PlyCount "59"]
[EventDate "2005.10.07"]

1. d4 Nf6 2. c4 e6 3. Nf3 Nc6 4. Nc3 Bb4 5. Qc2 O-O 6. e4 Bxc3+ 7. bxc3 d6 8.
Bd3 e5 9. Be3 Re8 10. d5 Na5 11. O-O b6 12. Bc1 Nd7 13. Qe2 Nc5 14. Bg5 f6 15.
Be3 Nxd3 16. Qxd3 Ba6 17. Nd2 c6 18. dxc6 Nxc6 19. Qd5+ Kh8 20. Qxc6 Re7 21.
Rfd1 Rc7 22. Qa4 Qc8 23. Qa3 Bxc4 24. Nxc4 Rxc4 25. Qxd6 Rxc3 26. Rac1 Rxc1 27.
Rxc1 Qd8 28. Qxd8+ Rxd8 29. Kf1 Rd7 30. Rc8+ 1-0

[Event "C.to Provinciale BG"]
[Site "Bergamo ITA"]
[Date "2005.11.25"]
[Round "8"]
[White "Longo, Pietro"]
[Black "Mora, Lorenzo"]
[Result "0-1"]
[WhiteElo "1757"]
[BlackElo "1787"]
[PlyCount "80"]
[EventDate "2005.10.07"]

1. d4 Nf6 2. c4 g6 3. Nc3 Bg7 4. e4 d6 5. Be2 O-O 6. Bg5 c5 7. d5 h6 8. Bh4 Qa5
9. Qc2 Nxe4 10. Rc1 Bf5 11. Bd3 Nxc3 12. bxc3 Bxd3 13. Qxd3 Qxa2 14. Ne2 Nd7
15. f4 Rfe8 16. O-O Nb6 17. Rb1 Rab8 18. Ra1 Qxc4 19. Qxc4 Nxc4 20. Rxa7 Ne3
21. Rb1 Nxd5 22. Rbxb7 Rxb7 23. Rxb7 Nxc3 24. Nxc3 Bxc3 25. Bxe7 Bd4+ 26. Kf1
d5 27. Rd7 Be3 28. g4 Bxf4 29. Bxc5 Bxh2 30. Rxd5 g5 31. Bd4 Bf4 32. Bf6 Kh7
33. Rd7 Kg6 34. Bd4 Be5 35. Bc5 Bf6 36. Rd6 Re6 37. Rd7 Re4 38. Bf8 Rxg4 39.
Bxh6 Kxh6 40. Rxf7 Kg6 0-1

[Event "C.to Provinciale BG"]
[Site "Bergamo ITA"]
[Date "2005.11.25"]
[Round "8"]
[White "Maggioni, Oliviero"]
[Black "Di Mauro, Valerio"]
[Result "0-1"]
[WhiteElo "1580"]
[BlackElo "1526"]
[PlyCount "68"]
[EventDate "2005.10.07"]

1. d4 c6 2. c4 d5 3. c5 e5 4. Nc3 e4 5. Bf4 b6 6. b4 bxc5 7. bxc5 Ba6 8. Qa4
Qc8 9. Rb1 Nd7 10. f3 f5 11. e3 Bxf1 12. Kxf1 Ngf6 13. h3 Be7 14. fxe4 Nxe4 15.
Nxe4 fxe4 16. Ne2 O-O 17. Ke1 a5 18. Kd2 Qa6 19. Rb3 g5 20. Bg3 h5 21. h4 gxh4
22. Be1 Rab8 23. Nf4 Rxb3 24. axb3 Bg5 25. Rh3 Bxf4 26. exf4 Rxf4 27. Kc1 Qe2
28. Qxa5 Rf1 29. Qd8+ Nf8 30. Qg5+ Kf7 31. Rf3+ exf3 32. Qxh5+ Ng6 33. Qf5+ Kg7
34. Qd7+ Kh6 0-1

[Event "C.to Provinciale BG"]
[Site "Bergamo ITA"]
[Date "2005.11.25"]
[Round "8"]
[White "Oteri, Aldo"]
[Black "Ranfagni, Stefano"]
[Result "0-1"]
[WhiteElo "1711"]
[BlackElo "1981"]
[PlyCount "48"]
[EventDate "2005.10.07"]

1. e4 e6 2. d4 d5 3. Nd2 Nf6 4. e5 Nfd7 5. f4 c5 6. c3 Nc6 7. Ngf3 cxd4 8. cxd4
f6 9. Be2 fxe5 10. dxe5 Bc5 11. Nb3 Bb6 12. Nbd4 Nxd4 13. Nxd4 Nxe5 14. Bb5+
Kf8 15. Bd2 Kg8 16. Bc3 Ng6 17. Qf3 Bxd4 18. Bxd4 Qa5+ 19. Qc3 Qxb5 20. Bxg7
Nxf4 21. Qd2 Nd3+ 22. Kd1 Qa4+ 23. b3 Qg4+ 24. Kc2 Qxg7 0-1

[Event "C.to Provinciale BG"]
[Site "Bergamo ITA"]
[Date "2005.11.25"]
[Round "8"]
[White "Riggio, Mauro"]
[Black "Gucciardo, Salvatore"]
[Result "0-1"]
[WhiteElo "1874"]
[BlackElo "1440"]
[PlyCount "78"]
[EventDate "2005.10.07"]

1. e4 e6 2. d4 d5 3. e5 c5 4. c3 Nc6 5. Be3 cxd4 6. cxd4 Qb6 7. Qd2 Bb4 8. Nc3
Nge7 9. Bd3 Bd7 10. Nf3 Rc8 11. Rc1 Na5 12. O-O Nc4 13. Qe2 Qa5 14. a3 Nxa3 15.
Ra1 Qb6 16. Na2 Nc4 17. Nxb4 Qxb4 18. Rxa7 Bc6 19. Rc1 Nxe3 20. fxe3 O-O 21.
Rca1 g6 22. R7a2 f5 23. Qf2 Bd7 24. Qh4 Nc6 25. Qh6 Qe7 26. Bb5 Qg7 27. Qh4
Nxe5 28. Nxe5 Bxb5 29. Ra7 Rc7 30. Ra8 Rcc8 31. R8a5 Ba6 32. Qf2 Rc7 33. b4
Rfc8 34. h3 Rc2 35. Qe1 Re2 36. Qg3 Rb2 37. Nd3 Bxd3 38. Ra8 Rbc2 39. Rb8 Qc7
0-1

[Event "C.to Provinciale BG"]
[Site "Bergamo ITA"]
[Date "2005.11.25"]
[Round "8"]
[White "Scarpellini, Felice"]
[Black "Impellizzeri, Francesco"]
[Result "1-0"]
[WhiteElo "1948"]
[BlackElo "1688"]
[PlyCount "67"]
[EventDate "2005.10.07"]

1. c4 Nf6 2. Nc3 e5 3. g3 d5 4. cxd5 Nxd5 5. Bg2 Nb6 6. Nf3 Nc6 7. O-O Be7 8.
a3 Be6 9. b4 O-O 10. d3 f6 11. Bb2 a5 12. b5 Nd4 13. Nxd4 exd4 14. Na4 Bd5 15.
Nxb6 cxb6 16. a4 Qd7 17. Qd2 Bxg2 18. Kxg2 Rac8 19. Rfc1 Bc5 20. Qf4 Rfe8 21.
Qf3 Re7 22. Rc4 Rce8 23. Qf4 Qd5+ 24. Qf3 Qd6 25. Qf4 Qxf4 26. gxf4 Rxe2 27.
Bxd4 Rd2 28. Bxc5 bxc5 29. Rxc5 Rxd3 30. Rc7 b6 31. Rb7 Re4 32. Rc1 Kf8 33.
Rc8+ Re8 34. Rcc7 1-0

[Event "C.to Provinciale BG"]
[Site "Bergamo ITA"]
[Date "2005.11.25"]
[Round "8"]
[White "Stefanelli, Alfredo"]
[Black "Nasoni, Paolo"]
[Result "0-1"]
[WhiteElo "1787"]
[BlackElo "1865"]
[PlyCount "121"]
[EventDate "2005.10.07"]

1. d4 d5 2. Nf3 c6 3. g3 g6 4. Bg2 Bg7 5. O-O Nf6 6. Bg5 O-O 7. Nbd2 Be6 8. Re1
h6 9. Bxf6 exf6 10. e4 dxe4 11. Nxe4 Na6 12. c3 Re8 13. Qa4 Qd7 14. Rad1 Bd5
15. Ned2 Rxe1+ 16. Rxe1 Re8 17. Qd1 b5 18. Nb3 Kf8 19. h3 Be6 20. Kh2 Kg8 21.
Nfd2 f5 22. Nf3 f6 23. Na5 Bd5 24. Rxe8+ Qxe8 25. Qe1 Qd8 26. Nb3 Kf7 27. Nfd2
Bxg2 28. Kxg2 Qd5+ 29. Kg1 Bf8 30. Qe3 Nc7 31. Qf3 Qe6 32. Qe3 Qd7 33. Qf3 Ne6
34. Na5 c5 35. d5 Nc7 36. c4 bxc4 37. Naxc4 Nxd5 38. Qd3 Qe6 39. Kf1 h5 40. Qb3
Be7 41. Qf3 Nb4 42. a3 Nc2 43. Qe2 Qd5 44. Qf3 Qd4 45. Qb3 Na1 46. Qa2 Qd3+ 47.
Kg2 Qd5+ 48. Kg1 Nc2 49. Nd6+ Ke6 50. Qxd5+ Kxd5 51. Nc8 Bd6 52. Nxa7 Be5 53.
a4 Bxb2 54. Kf1 c4 55. Ke2 Nb4 56. Nb5 Kc5 57. Nb1 Nd5 58. Kd2 Kb4 59. Nd6 c3+
60. Kc2 Kxa4 61. Nc4 0-1

[Event "C.to Provinciale BG"]
[Site "Bergamo ITA"]
[Date "2005.11.25"]
[Round "8"]
[White "Valsecchi, Alessio"]
[Black "Tentori, Giulio"]
[Result "0-1"]
[WhiteElo "1965"]
[BlackElo "1748"]
[PlyCount "62"]
[EventDate "2005.10.07"]

1. e4 e5 2. Nf3 Nc6 3. Bb5 f5 4. Nc3 fxe4 5. Nxe4 d5 6. Nxe5 dxe4 7. Nxc6 Qd5
8. c4 Qd6 9. Nxa7+ Bd7 10. Bxd7+ Qxd7 11. Nb5 c6 12. Nc3 Nf6 13. O-O Bc5 14.
Qe2 O-O 15. b4 Bd4 16. Rb1 Ng4 17. Nd1 Nxf2 18. Ne3 Nd3 19. b5 Rxf1+ 20. Qxf1
Rf8 21. Qd1 Qf5 22. Ba3 Qf2+ 23. Kh1 c5 24. Ng4 Qf4 25. g3 Qxg4 26. Qxg4 Nf2+
27. Kg2 Nxg4 28. Re1 Rf2+ 29. Kh3 h5 30. Kh4 Rxh2+ 31. Kg5 Nf6 0-1

[Event "VII Festival B"]
[Site "Trieste ITA"]
[Date "2005.09.03"]
[Round "1"]
[White "Belardinelli, Franco"]
[Black "Monticolo, Lorenzo"]
[Result "1-0"]
[WhiteElo "1772"]
[BlackElo "1455"]
[PlyCount "49"]
[EventDate "2005.09.03"]

1. e4 e5 2. Nf3 Nc6 3. Bc4 Nf6 4. Ng5 d5 5. exd5 Nxd5 6. Nxf7 Kxf7 7. Qf3+ Ke6
8. Nc3 Ncb4 9. O-O c6 10. d4 Nxc2 11. Qe4 Nxd4 12. Re1 Qd6 13. Qxd4 b5 14. Bb3
b4 15. Nxd5 cxd5 16. Bf4 Bb7 17. Bxe5 Qc6 18. Rac1 Qxc1 19. Rxc1 Bd6 20. Bxg7
Rhg8 21. Qf6+ Kd7 22. Ba4+ Bc6 23. Rxc6 Bc7 24. Qe6+ Kd8 25. Bf6# 1-0

[Event "VII Festival B"]
[Site "Trieste ITA"]
[Date "2005.09.03"]
[Round "1"]
[White "Belardinelli, Lisa"]
[Black "Harcet, Franjo"]
[Result "0-1"]
[WhiteElo "1521"]
[BlackElo "1919"]
[PlyCount "58"]
[EventDate "2005.09.03"]

1. e4 e5 2. Nf3 Nc6 3. Bb5 d6 4. c3 Bd7 5. d4 exd4 6. cxd4 Nf6 7. Nc3 Be7 8.
O-O O-O 9. h3 h6 10. Re1 a6 11. Ba4 Qc8 12. Nd5 Bd8 13. Nxf6+ Bxf6 14. e5 dxe5
15. dxe5 Be7 16. Bc2 Bf5 17. Bxf5 Qxf5 18. Qb3 Rab8 19. Bd2 Rfd8 20. Rad1 Rd3
21. Qc4 Rbd8 22. Qc2 Rxf3 23. Qxf5 Rxf5 24. Bc3 Rxd1 25. Rxd1 Bc5 26. Rd2 Nxe5
27. Kf1 Nc4 28. Rc2 Ne3+ 29. Ke2 Nxc2 0-1

[Event "VII Festival B"]
[Site "Trieste ITA"]
[Date "2005.09.03"]
[Round "1"]
[White "Chiandussi, Livio"]
[Black "Tomio, Dante"]
[Result "0-1"]
[WhiteElo "1497"]
[BlackElo "1816"]
[PlyCount "52"]
[EventDate "2005.09.03"]

1. d4 d5 2. c4 c6 3. Nc3 Nf6 4. Bg5 Nbd7 5. Nf3 h6 6. Bd2 e6 7. e3 Bd6 8. c5
Bc7 9. Bd3 O-O 10. O-O e5 11. dxe5 Nxe5 12. Nxe5 Bxe5 13. Qc2 Qe7 14. Ne2 Ne4
15. Bb4 Re8 16. Ba3 Qh4 17. Ng3 Bd7 18. Rad1 Rad8 19. b4 Bg4 20. Be2 Bxe2 21.
Qxe2 Nc3 22. Qc2 Nxd1 23. Rxd1 d4 24. exd4 Bxd4 25. Nf5 Bxf2+ 26. Kf1 Rxd1+ 0-1

[Event "VII Festival B"]
[Site "Trieste ITA"]
[Date "2005.09.03"]
[Round "1"]
[White "Orsatti, Marcello"]
[Black "Iancovic, Bruno"]
[Result "1-0"]
[WhiteElo "1818"]
[BlackElo "1503"]
[PlyCount "109"]
[EventDate "2005.09.03"]

1. c4 c5 2. Nc3 Nc6 3. g3 g6 4. Bg2 Bg7 5. d3 Nf6 6. Bg5 O-O 7. Qd2 Re8 8. Bxf6
exf6 9. Nf3 d6 10. O-O Be6 11. Rfe1 a6 12. a3 Rb8 13. Qc2 Ne7 14. b4 f5 15.
Rab1 Qc7 16. b5 d5 17. Ng5 Qe5 18. Na4 dxc4 19. dxc4 f4 20. Nxe6 fxe6 21. Qe4
fxg3 22. hxg3 axb5 23. Rxb5 b6 24. Nxb6 Qc3 25. Reb1 Nf5 26. Na4 Qe5 27. Rxb8
Rxb8 28. Rxb8+ Qxb8 29. Qxe6+ Kh8 30. Be4 Nxg3 31. fxg3 Qxg3+ 32. Bg2 Bd4+ 33.
Kh1 Qh4+ 34. Qh3 Qe1+ 35. Bf1 Qf2 36. Qc8+ Kg7 37. Qb7+ Kh6 38. Qg2 Qf7 39. Nb6
Kg7 40. Nd5 Qf5 41. e3 Be5 42. Kg1 h5 43. Qh3 Qg5+ 44. Bg2 Kh6 45. Qf3 Qd8 46.
Nf4 Qb8 47. Qe4 Qd6 48. Qd5 Qb8 49. Qxc5 Qb1+ 50. Bf1 Qf5 51. Qd5 h4 52. Bh3
Qb1+ 53. Kf2 Bc3 54. Qd3 Be1+ 55. Ke2 1-0

[Event "VII Festival B"]
[Site "Trieste ITA"]
[Date "2005.09.03"]
[Round "1"]
[White "Partipilo, Vito"]
[Black "Boerci, Roberto"]
[Result "1-0"]
[WhiteElo "1592"]
[BlackElo "1392"]
[PlyCount "57"]
[EventDate "2005.09.03"]

1. d4 d6 2. c4 Nf6 3. Nc3 g6 4. Bg5 Bg7 5. e3 O-O 6. Bd3 Nbd7 7. Nf3 Re8 8. O-O
c6 9. Rb1 Qc7 10. Rc1 e5 11. dxe5 Nxe5 12. Nxe5 Rxe5 13. Bf4 Re8 14. c5 d5 15.
Bxc7 Bf5 16. Bxf5 gxf5 17. Qf3 Ne4 18. Nxe4 fxe4 19. Qg3 Kh8 20. b3 Rg8 21. Qh3
Raf8 22. Ba5 f5 23. Bc3 Rf7 24. Bxg7+ Rfxg7 25. g3 Rg4 26. f3 exf3 27. Rxf3 Re8
28. Rxf5 Rge4 29. Rf7 1-0

[Event "VII Festival B"]
[Site "Trieste ITA"]
[Date "2005.09.03"]
[Round "1"]
[White "Piunti, Mauro"]
[Black "Deancovich, Patrizio"]
[Result "1-0"]
[WhiteElo "1712"]
[BlackElo "1452"]
[PlyCount "117"]
[EventDate "2005.09.03"]

1. d4 Nf6 2. Nf3 e6 3. c4 c5 4. d5 d6 5. Nc3 Be7 6. e4 O-O 7. Be2 Bd7 8. O-O a6
9. a4 Ne8 10. Bf4 Qc7 11. Qd2 e5 12. Bg3 Qc8 13. Ne1 f5 14. f4 Bf6 15. Bd3 g6
16. Qc2 Ng7 17. a5 Rf7 18. Na4 fxe4 19. Bxe4 Nf5 20. Qd3 Qe8 21. Nb6 Ra7 22.
Rb1 Qe7 23. Nf3 Kg7 24. Kh1 Nxg3+ 25. hxg3 Bg4 26. Nh2 Bd7 27. f5 g5 28. g4 Qe8
29. b3 Kf8 30. Qd2 h6 31. Rf3 Rh7 32. Rh3 h5 33. Qe2 h4 34. Qd2 Bc8 35. Nf3 Nd7
36. Na4 Qd8 37. b4 Kg8 38. Kg1 b6 39. axb6 Nxb6 40. Nxb6 Qxb6 41. b5 Rhg7 42.
Ne1 Bd7 43. bxa6 Qxa6 44. Rc3 Qa2 45. Rb2 Qa4 46. Rb8+ Kh7 47. Qb2 Qa1 48. Qxa1
Rxa1 49. Kf2 Ra2+ 50. Rc2 Rxc2+ 51. Nxc2 Ba4 52. Rf8 Bb3 53. Rxf6 Kg8 54. Rxd6
Bxc4 55. Rc6 Bb3 56. Rxc5 Rd7 57. Ne3 Kf7 58. Nc4 Bd1 59. Nxe5+ 1-0

[Event "VII Festival B"]
[Site "Trieste ITA"]
[Date "2005.09.03"]
[Round "1"]
[White "Sabadin, Giorgio"]
[Black "Poniz, Alessandro"]
[Result "1/2-1/2"]
[WhiteElo "1700"]
[BlackElo "1440"]
[PlyCount "49"]
[EventDate "2005.09.03"]

1. e4 e6 2. Nf3 Nc6 3. Bc4 d5 4. exd5 exd5 5. Bb5 Qf6 6. O-O Bg4 7. Bxc6+ bxc6
8. Re1+ Be7 9. Re3 Nh6 10. Qe1 Nf5 11. Rb3 O-O 12. h3 Bxf3 13. Rxf3 Rfe8 14.
Qd1 Qe5 15. d3 Nh4 16. Re3 Qf5 17. Nd2 Bc5 18. Re2 Re6 19. Qf1 Rae8 20. Rxe6
Rxe6 21. Nb3 Qg6 22. g3 Re1 23. Nxc5 Nf3+ 24. Kg2 Nh4+ 25. Kg1 1/2-1/2

[Event "VII Festival B"]
[Site "Trieste ITA"]
[Date "2005.09.03"]
[Round "1"]
[White "Stampalia, Piergiorgio"]
[Black "Miele, Roberto"]
[Result "1/2-1/2"]
[WhiteElo "1574"]
[BlackElo "1860"]
[PlyCount "65"]
[EventDate "2005.09.03"]

1. e4 Nc6 2. d4 e5 3. Nf3 exd4 4. Nxd4 Bc5 5. c3 Qf6 6. Be3 d6 7. Be2 Nge7 8.
Bf3 Nxd4 9. cxd4 Bb6 10. Nc3 O-O 11. O-O Bd7 12. Qd2 h6 13. Rfe1 Rad8 14. Rad1
Bc6 15. Qc2 Ng6 16. Be2 Rfe8 17. Bf1 Qh4 18. g3 Qe7 19. Bg2 Qf8 20. a3 Ne7 21.
b4 Bd7 22. e5 dxe5 23. dxe5 Bxe3 24. Rxe3 Bf5 25. Qc1 Rxd1+ 26. Qxd1 Rd8 27.
Qc1 c6 28. Re1 Rd4 29. Rd1 Qd8 30. Kh1 Be6 31. f4 Bg4 32. Rxd4 Qxd4 33. Ne4
1/2-1/2

[Event "VII Festival B"]
[Site "Trieste ITA"]
[Date "2005.09.03"]
[Round "1"]
[White "Urbisaglia, Elvio"]
[Black "Mirkovic, Nikola"]
[Result "0-1"]
[WhiteElo "1451"]
[BlackElo "1702"]
[PlyCount "136"]
[EventDate "2005.09.03"]

1. e4 e6 2. d4 d5 3. exd5 exd5 4. Nf3 Bg4 5. Be2 Bd6 6. Nc3 c6 7. Be3 Nf6 8.
Bg5 Nbd7 9. Nh4 Bxe2 10. Qxe2+ Qe7 11. Qxe7+ Bxe7 12. Nf5 g6 13. Nxe7 Kxe7 14.
O-O h6 15. Rfe1+ Kf8 16. Bf4 Kg7 17. Re7 Rhe8 18. Rae1 a6 19. Kf1 b5 20. f3 h5
21. Bg5 Rac8 22. b4 Ra8 23. h3 a5 24. bxa5 Rxe7 25. Rxe7 Rxa5 26. Bxf6+ Nxf6
27. Rb7 Ra3 28. Ne2 Rxa2 29. c3 Ne8 30. Rb6 Rb2 31. Rxc6 b4 32. cxb4 Rxb4 33.
Kf2 Nf6 34. Rc7 Kf8 35. Rc3 Ng8 36. Rc8+ Kg7 37. Rc7 Kf6 38. Kg3 Ne7 39. Kf2
Nf5 40. Rc6+ Kg7 41. Rc5 Nxd4 42. Rxd5 Nxe2 43. Kxe2 Rb2+ 44. Kf1 h4 45. Kg1
Kh6 46. Rd6 Kg5 47. Rd4 f5 48. Rc4 Kh5 49. Rc5 Kg5 50. Ra5 Kf4 51. Ra4+ Kg3 52.
Ra1 Rxg2+ 53. Kh1 Rh2+ 54. Kg1 Kxh3 55. Ra3 Rg2+ 56. Kf1 Rg3 57. Kf2 g5 58. Ra1
Rg2+ 59. Ke3 f4+ 60. Ke4 Re2+ 61. Kf5 Rg2 62. Rh1+ Kg3 63. Kxg5 h3 64. Ra1 h2
65. Ra4 h1=Q 66. Rxf4 Kf2+ 67. Kf5 Qh3+ 68. Ke4 Qe6+ 0-1

[Event "VII Festival B"]
[Site "Trieste ITA"]
[Date "2005.09.04"]
[Round "2"]
[White "Boerci, Roberto"]
[Black "Bembich, Corrado"]
[Result "0-1"]
[WhiteElo "1392"]
[BlackElo "1452"]
[PlyCount "106"]
[EventDate "2005.09.03"]

1. Nf3 g6 2. g3 Bg7 3. Bg2 f5 4. O-O Nf6 5. d3 O-O 6. Bf4 d5 7. c4 c6 8. Nbd2
Nbd7 9. Nb3 Re8 10. Qd2 e5 11. Bh6 e4 12. Bxg7 exf3 13. Bxf6 Qxf6 14. Bxf3 Ne5
15. Bg2 Be6 16. Qc3 dxc4 17. d4 Ng4 18. Nc5 Bd5 19. Nxb7 Rxe2 20. Rae1 Rae8 21.
Nc5 Bxg2 22. Rxe2 Rxe2 23. Qxc4+ Kg7 24. Qxe2 Bxf1 25. Qxf1 Qe7 26. Nd3 h5 27.
Qe1 Qd8 28. Qc3 Qd5 29. Qc5 Qxa2 30. Qe7+ Kg8 31. Qe8+ Kg7 32. Qxc6 Qb1+ 33.
Nc1 Qxb2 34. Qd7+ Kh6 35. Nd3 Qb1+ 36. Kg2 Qxd3 37. Qe7 Qxd4 38. Qf8+ Qg7 39.
Qa3 Qb7+ 40. f3 Ne5 41. Qf8+ Kh7 42. Kh3 Nxf3 43. Qa3 Ng1+ 44. Kh4 Qe4+ 45. Kg5
Qd4 46. Qe7+ Qg7 47. Qa3 Qd7 48. Qb3 Nh3+ 49. Kh4 f4 50. Qf3 Ng1 51. Qxf4 Qh3+
52. Kg5 Qd7 53. Qf6 Qg4# 0-1